000 00367nam a2200145Ia 4500
008 221030s9999 xx 000 0 und d
041 _aEnglish
082 _a105.23
100 _aE. W. Golding
245 0 _aElectrical measurement and measuring instruments
_cby E. W. Golding , F. C. Widdis
260 _c0
650 _aB
700 _aF. C. Widdis
942 _cBK
999 _c11428
_d11428